<?xml version="1.0" encoding="UTF-8"?><?xml-stylesheet type="text/xsl" href="static/style.xsl"?><OAI-PMH xmlns="http://www.openarchives.org/OAI/2.0/" xmlns:xsi="http://www.w3.org/2001/XMLSchema-instance" xsi:schemaLocation="http://www.openarchives.org/OAI/2.0/ http://www.openarchives.org/OAI/2.0/OAI-PMH.xsd"><responseDate>2026-06-03T14:00:20Z</responseDate><request verb="GetRecord" identifier="oai:riuma.uma.es:10630/34473" metadataPrefix="marc">https://riuma.uma.es/rest/oai/request</request><GetRecord><record><header><identifier>oai:riuma.uma.es:10630/34473</identifier><datestamp>2026-02-03T10:53:10Z</datestamp><setSpec>com_10630_2254</setSpec><setSpec>col_10630_37953</setSpec></header><metadata><record xmlns="http://www.loc.gov/MARC21/slim" xmlns:dcterms="http://purl.org/dc/terms/" xmlns:doc="http://www.lyncode.com/xoai" xmlns:xsi="http://www.w3.org/2001/XMLSchema-instance" xsi:schemaLocation="http://www.loc.gov/MARC21/slim http://www.loc.gov/standards/marcxml/schema/MARC21slim.xsd">
   <leader>00925njm 22002777a 4500</leader>
   <datafield ind2=" " ind1=" " tag="042">
      <subfield code="a">dc</subfield>
   </datafield>
   <datafield ind2=" " ind1=" " tag="720">
      <subfield code="a">Font, Vicenç</subfield>
      <subfield code="e">author</subfield>
   </datafield>
   <datafield ind2=" " ind1=" " tag="720">
      <subfield code="a">Díaz Godino, Juan</subfield>
      <subfield code="e">author</subfield>
   </datafield>
   <datafield ind2=" " ind1=" " tag="720">
      <subfield code="a">Gallardo-Romero, Jesús</subfield>
      <subfield code="e">author</subfield>
   </datafield>
   <datafield ind2=" " ind1=" " tag="260">
      <subfield code="c">2013</subfield>
   </datafield>
   <datafield ind2=" " ind1=" " tag="520">
      <subfield code="a">The nature of mathematical objects, their various types, the way in which they are formed, and how they participate in mathematical activity are all questions of interest for philosophy and mathematics education. Teaching in schools is usually based, implicitly or explicitly, on a descriptive/realist view of mathematics, an approach which is not free from potential conflicts. After analysing why this view is so often taken and pointing out the problems raised by realism in mathematics this paper discusses a number of philosophical alternatives in relation to the nature of mathematical objects. Having briefly described the educational and philosophical problem regarding the origin and nature of these objects we then present the main characteristics of a pragmatic and anthropological semiotic approach to them, one which may serve as the outline of a philosophy of mathematics developed from the point of view of mathematics education. This approach is able to explain from a non-realist position how mathematical objects emerge from&#xd;
mathematical practices.</subfield>
   </datafield>
   <datafield ind1="8" ind2=" " tag="024">
      <subfield code="a">Font, V., Godino, J.D. &amp; Gallardo, J. The emergence of objects from mathematical practices. Educ Stud Math 82, 97–124 (2013). https://doi.org/10.1007/s10649-012-9411-0</subfield>
   </datafield>
   <datafield ind1="8" ind2=" " tag="024">
      <subfield code="a">https://hdl.handle.net/10630/34473</subfield>
   </datafield>
   <datafield ind1="8" ind2=" " tag="024">
      <subfield code="a">https://doi.org/10.1007/s10649-012-9411-0</subfield>
   </datafield>
   <datafield tag="653" ind2=" " ind1=" ">
      <subfield code="a">Matemáticas - Estudio y enseñanza</subfield>
   </datafield>
   <datafield tag="653" ind2=" " ind1=" ">
      <subfield code="a">Ontología</subfield>
   </datafield>
   <datafield ind2="0" ind1="0" tag="245">
      <subfield code="a">The emergence of objects from mathematical practices</subfield>
   </datafield>
</record>
</metadata></record></GetRecord></OAI-PMH>